[Event "Baltic Zonal 2017"]
[Site "Liepaja"]
[Date "2017.06.19"]
[Round "5"]
[White "Sakalauskas, Vaidas"]
[Black "Garanin, Aleksei"]
[Result "0-1"]
[WhiteElo "2344"]
[BlackElo "2220"]
[Annotator "TA"]
[PlyCount "60"]
[EventDate "2017.??.??"]
[EventType "swiss"]
[EventCountry "LAT"]
[SourceTitle "playchess.com"]
[Source "ChessBase"]
[SourceQuality "1"]

{[%evp 26,60,-37,-38,-38,-39,-25,-89,-58,-93,-85,-96,-89,-106,-104,-113,-106,-158,-165,-197,-165,-168,-165,-242,-255,-254,-236,-250,-226,-268,-257,-275,-294,-412,-402,-556,-552]} 1. d4 Nf6 2. c4 g6 3. Nc3 Bg7 4. e4 O-O 5. Nf3 d6 6. Be2 e5 7. d5 a5 8. Bg5 h6 9. Bh4 g5 10. Bg3 Nh5 11. h4 {E92: King's Indian: Classical: 6 Be2 e5: 7 dxe5, 7 Be3 and Petrosian System without 7...Nbd7} Nxg3 (11... g4 12. Nd2 Nxg3 13. fxg3 h5 14. Qc2 Na6 15. O-O-O Qf6 16. Rhf1 Qh6 17. Kb1 Bd7 18. a3 a4 {0-1 (60) Aronian,L (2785)-Grischuk,A (2737) Doha 2016}) 12. fxg3 g4 13. Nh2 h5 14. O-O {LiveBook: 3 Games} Na6 15. Bd3 Nc5 16. Bc2 {[#]} (16. Qd2 $11) 16... Qe7 $1 $17 17. Qe1 $146 ({Predecessor:} 17. Rf2 f5 18. exf5 e4 19. Nxg4 e3 20. Nxe3 Qxe3 21. Qxh5 Bxf5 22. Bxf5 Rxf5 23. Qxf5 {0-1 (28) Schlager,T (2335)-Kapfer,T Germany 1997}) 17... Bd7 18. Rd1 Rae8 19. Nb5 Bxb5 20. cxb5 {[#] Strongly threatening Rf5.} f5 $1 {[%mdl 512]} 21. Rxf5 (21. Qxa5 $142 Ra8 22. Qc3) (21. exf5 e4) 21... Rxf5 22. exf5 e4 23. Qe3 Qf6 24. Qg5 (24. Bb1 $142) 24... Qxg5 $19 25. hxg5 Bxb2 26. Kf2 Re5 27. Ke3 Rxf5 28. Rb1 Bc3 29. b6 (29. Rd1 {keeps fighting.}) 29... cxb6 30. Rxb6 Be1 {Precision: White = 31%, Black = 97%.} 0-1

[Event "Baltic Zonal 2017"]
[Site "Liepaja"]
[Date "2017.06.19"]
[Round "5"]
[White "Brazdzionis, Andrius"]
[Black "Krivonosov, Oleg"]
[Result "1/2-1/2"]
[WhiteElo "2335"]
[BlackElo "2426"]
[Annotator "TA"]
[PlyCount "82"]
[EventDate "2017.??.??"]
[EventType "swiss"]
[EventCountry "LAT"]
[SourceTitle "playchess.com"]
[Source "ChessBase"]
[SourceQuality "1"]

{[%evp 28,82,0,0,0,0,0,0,0,0,0,-4,0,0,0,0,0,0,0,0,0,0,0,0,0,-21,0,0,0,0,0,0,0,0,0,0,0,0,0,0,0,0,0,0,0,0,0,0,0,0,0,0,0,0,0,0,0]} 1. d4 Nf6 2. c4 e6 3. Nf3 d5 4. Nc3 Be7 5. Bg5 h6 6. Bh4 O-O 7. e3 Ne4 8. Bxe7 Qxe7 9. Rc1 c6 10. Bd3 Nxc3 11. Rxc3 Nd7 12. O-O e5 13. dxe5 dxc4 14. Rxc4 Nxe5 15. Re4 {The position is equal.} Nxf3+ {D56: Queen's Gambit Declined: Lasker Defence} 16. Qxf3 Be6 (16... Qc7 17. Bc4 b5 18. Bb3 c5 19. Bd5 Rb8 20. Qh5 Bb7 21. Bxb7 Rxb7 22. Rd1 c4 23. Rg4 {½-½ (38) Vitiugov,N (2726)-Radjabov,T (2710) Doha 2016}) 17. Bc4 Rad8 18. Bxe6 fxe6 19. Qe2 Rd5 20. Rd1 Qf6 (20... Rfd8 $5 {[%cal Rd5d1]} 21. Red4 Qc5 $11) 21. Red4 Rfd8 22. g3 $146 ({Predecessor:} 22. Qc4 Qf5 23. h3 Rxd4 24. Rxd4 Rxd4 25. Qxd4 {½-½ (30) Bregadze,L (2468)-Baryshpolets,A (2538) Cleveland 2015}) 22... Rxd4 23. Rxd4 Rxd4 24. exd4 $11 {[%mdl 4096] Endgame KQ-KQ} Qf5 25. b3 Kf7 26. Kg2 a5 27. Qe3 g5 28. h3 h5 29. Qc3 Kg6 30. Qe3 Qd5+ 31. Kh2 Qf5 (31... a4 $5) 32. Kg2 b6 33. Kh2 Kf6 34. Kg2 Qd5+ 35. Kh2 a4 36. bxa4 Qxa2 37. h4 gxh4 38. Qf4+ Kg6 39. Qe4+ Kh6 (39... Kf7 $5 {[%cal Ra2f2]} 40. Qf4+ Kg6 $11) 40. Qf4+ Kg6 41. Qe4+ Kh6 {Precision: White = 92%, Black = 68%.} (41... Kf7 $5 {[%cal Ra2f2]} 42. Qf4+ Kg7 $11) 1/2-1/2